| 000 | 00421pab a2200169 454500 | ||
|---|---|---|---|
| 008 | 180718b2015 xxu||||| |||| 00| 0 eng d | ||
| 100 | _aSatyanarayana, K. | ||
| 245 | _aSocial inequality and human dignity | ||
| 260 | _c2015 | ||
| 300 | _ap.41-45. | ||
| 362 | _aAug | ||
| 650 | _aHuman rights - India | ||
| 650 | _aSocial inequality - India | ||
| 650 | _aSocial inequality | ||
| 773 | _aSeminar | ||
| 909 | _a108897 | ||
| 999 |
_c108892 _d108892 |
||